000
00282nam a22001337a 4500
008
210302b ||||| |||| 00| 0 eng d
020
_a
9781568360225
041
_a
eng
080
_a
94
100
_a
17
101
_a
SHH
245
_a
The Great Game
_c
Hopkirk,P
942
_2
udc
_c
BK
999
_c
55496
_d
55496